Orelsan - Civilisation - Statistiques

Statistiques générales
  • Ce quiz a été pris 581 fois
  • Le résultat moyen est 11 sur 15
Statistiques - réponses
Réponse % Correct
Civilisation
94%
La Quête
90%
Shonen
85%
Athéna
84%
L'odeur de l'essence
83%
Bébéboa
80%
Du propre
72%
Jour meilleur
72%
Manifeste
72%
Ensemble
66%
Dernier verre
65%
Seul avec du monde autour
65%
Casseurs Flowters Infinity
58%
Rêve mieux
58%
Baise le monde
57%
Aucun quiz correspondant
Distribution des résultats
% des personnes avec chaque résultat
Percentile par nombre de réponses
Votre historique - résultats
Vous n’avez pas pris ce quiz